| 000 | 01041cam a2200289 i 4500 | ||
|---|---|---|---|
| 999 |
_c1407 _d1407 |
||
| 003 | OSt | ||
| 005 | 20200806085348.0 | ||
| 008 | 140521s2015 nyua b 001 0 eng | ||
| 010 | _a 2014016171 | ||
| 020 | _a9780415810128 (pbk : alk. paper) | ||
| 020 | _z9780203792391 (ebk) | ||
| 040 |
_aDLC _cKABLIB _dKABLIB |
||
| 082 | 0 | 0 |
_a771.3 _223 _bBAT |
| 100 | 1 |
_aBatt, Andy. _94109 |
|
| 240 | _alearning the technical art of digital photography / | ||
| 245 | 1 | 0 |
_aCamera & Craft : _blearning the technical art of digital photography / _cAndy Batt, Candace Dobro and Jodie Steen. |
| 264 | 1 |
_aNew York : _bFocal Press, _cc2015. |
|
| 300 |
_axv, 385 pages : _bcolor illustrations ; _c23x23 cm. |
||
| 490 | 0 | _aDigital imaging masters series | |
| 500 | _aIncludes index. | ||
| 504 | _aIncludes bibliographical references. | ||
| 650 | 0 |
_aPhotography _xDigital techniques. _94110 |
|
| 650 | 0 |
_aPhotography _xTechnique. _94111 |
|
| 700 | 1 |
_aDobro, Candace, _eJoint Author. _94112 |
|
| 700 | 1 |
_aSteen, Jodie, _eJoint Author. _94113 |
|
| 942 |
_2ddc _cBOOK |
||